LEADER 01543nam0 2200349 i 450 001 SUN0124816 005 20200324125420.235 010 $d0.00 017 70$2N$a9789811048012 100 $a20191025d2018 |0engc50 ba 101 $aeng 102 $aSG 105 $a|||| ||||| 200 1 $a*Advances in Applied Biotechnology$eProceedings of the 3rd International Conference on Applied Biotechnology (ICAB2016), November 25-27, 2016, Tianjin, China$fHao Liu, Cunjiang Song, Arthur Ram editors 205 $aSingapore : Springer, 2018 210 $aXIII$d865 p.$cill. ; 24 cm 215 $aPubblicazione in formato elettronico 410 1$1001SUN0107673$12001 $a*Lecture Notes in Electrical Engineering$v444$1210 $aCham$cSpringer. 620 $aSG$dSingapore$3SUNL000061 676 $a660.6$cBiotecnologia$v22 676 $a540$cChimica generale$v22 676 $a628$cIngegneria ambientale. Sostenibilità dell'ambiente$v22 702 1$aLiu$b, Hao$3SUNV096244 702 1$aSong$b, Cunjiang$3SUNV096245 702 1$aRam$b, Arthur$3SUNV096246 712 $aSpringer$3SUNV000178$4650 801 $aIT$bSOL$c20200921$gRICA 856 4 $uhttps://link.springer.com/book/10.1007%2F978-981-10-4801-2?page=1#toc 912 $aSUN0124816 950 $aUFFICIO DI BIBLIOTECA DEL DIPARTIMENTO DI SCIENZE E TECNOLOGIE AMBIENTALI BIOLOGICHE E FARMACEUTICHE$d17CONS e-book 2112 $e17BIB2112 44 20191025 996 $aAdvances in Applied Biotechnology$91565504 997 $aUNICAMPANIA LEADER 02463nam0 22005533i 450 001 CUB0600637 005 20251003044152.0 020 $aIT$b1955 6179 090 $a555525 100 $a20101104d1955 ||||0itac50 ba 101 | $aita 102 $ait 181 1$6z01$ai $bxxxe 182 1$6z01$an 183 1$6z01$anc$2RDAcarrier 200 1 $aˆIl ‰sindacalismo democratico$f[CISL] 210 $aRoma$cCisl$d1955$eTip. G. Menaglia 215 $a247 p.$d22 cm. 225 | $aManuali del Centro studi [della Confederazione italiana sindacati lavoratori]$v1 410 0$1001CUB0577549$12001 $aManuali del Centro studi [della Confederazione italiana sindacati lavoratori]$v1 606 $aSindacalismo$2FIR$3CFIC002796$9I 606 $aFondazioni$xDiritto$2FIR$3LO1C878808$9I 606 $aSindacati$xItalia$2FIR$3CFIC061796$9E 676 $a331.88$9SINDACATI$v21 676 $a331.880 945$9$v20 676 $a331.880945$9SINDACATI. Italia$v21 676 $a331.880945$9SINDACATI. Italia$v23 696 $aAspetti giuridici$aFondamenti$aFondamenta 696 $aAssociazioni sindacali$aOrganizzazioni sindacali$aOrganizzazione sindacale 699 $aDiritto$zAspetti giuridici 699 $aFondazioni$yFondamenti 699 $aFondazioni$yFondamenta 699 $aSindacati$yAssociazioni sindacali 699 $aSindacati$yOrganizzazioni sindacali 699 $aSindacati$zOrganizzazione sindacale 712 02$aCISL$3CFIV051360 791 02$aCISL nazionale$3BVEV237821$zCISL 791 02$aConfederazione italiana sindacati liberi$3LO1V293154$zCISL 791 02$aConfederazione italiana sindacati lavoratori$3LO1V319449$zCISL 791 02$aConfederazione italiana sindacati liberi$3LO1V293154$zCISL 791 02$aConfederazione italiana sindacati lavoratori$3LO1V319449$zCISL 801 3$aIT$bIT-000000$c20101104 850 $aIT-BN0095 901 $bNAP 01$cPOZZO LIB.$nVi sono collocati fondi di economia, periodici di ingegneria e scienze, periodici di economia e statistica e altri fondi comprendenti documenti di economia pervenuti in dono. 912 $aCUB0600637 950 0$aBiblioteca Centralizzata di Ateneo$c1 v.$d 01POZZO LIB.F. SANTI 69$e 0101 0060027875E VMA 1 v. (Precedente collocazione S 37)$fB $h20221104$i20221104 977 $a 01 996 $aSindacalismo democratico$92961427 997 $aUNISANNIO